| 000 | 02247nam a2200469 c 4500 | ||
|---|---|---|---|
| 003 | BLK | ||
| 005 | 20211013121425.0 | ||
| 008 | 180409b bul|||||r ||||||| ||bul|| | ||
| 010 | _aKNG00136698000 | ||
| 020 |
_a978-954-491-793-7 _bиздат.: Жанет 45 |
||
| 040 | _aBLK | ||
| 041 |
_aBUL _cBUL |
||
| 072 | 7 |
_2bullib _aН84 _xБългарска художествена литература Н |
|
| 080 |
_aБългарска литература _b821.163.2 _x-94 _z821.163.2-94 |
||
| 080 |
_aАктьори, театрални _b792.071.2 _x(497.2)(092)(0:82-9) _z792.071.2(497.2)(092)(0:82-9) |
||
| 080 |
_aКиноактьори _b791.44.071.2 _x(497.2)(092)(0:82-9) _z791.44.071.2(497.2)(092)(0:82-9) |
||
| 080 |
_aГригоров, Григор Вачков. Български театрален и киноактьор, народен артист _b929 Вачков, Григор _x _z929 Вачков, Григор |
||
| 100 | 1 |
_aВачкова, Силвия _eпърви автор _9322464 |
|
| 700 | 1 |
_aВачкова, Мартина Григорова _eсъавт. _9322465 |
|
| 700 | 1 |
_aДачев, Юрий Ангелов _eсъавт. _9368777 |
|
| 139 |
_aВачкова, Силвия и др. _bВ 31 |
||
| 245 | 1 | 0 |
_aПратеник на Мъжки времена _bСпомени за Григор Вачков _cСилвия Вачкова; съавт. Мартина Григорова Вачкова; съавт. Юрий Ангелов Дачев. |
| 257 | _aBGR | ||
| 260 |
_аПловдив _bЖанет 45 _c2012 |
||
| 300 |
_a254 с. _bс портр., ил., факс. _c20 см _e1 DVD |
||
| 380 | _aX | ||
| 500 | _aПрил. DVD Ние, духовата музика : Мюзикъл със сигн. CD 3218. | ||
| 600 | 1 | 4 |
_aВачков, Григор _9322466 |
| 650 | 4 |
_aВачков, Григор _9322466 |
|
| 650 | 4 |
_aАктьори, български _9263862 |
|
| 651 | 4 |
_aБългария _9241624 |
|
| 653 | _aГригор Вачков | ||
| 653 | _aкиноартисти | ||
| 653 | _aтеатрални дейци | ||
| 653 | _aспомени | ||
| 659 | _aН | ||
| 852 | _aЦб 257239 | ||
| 856 | 4 |
_qpdf _u |
|
| 856 | 4 |
_qpdf _u |
|
| 942 |
_cKNG _n0 _03 |
||
| 944 |
_aCR _c03.04.2007 _lф / _kПенка_Димитрова |
||
| 944 |
_aED _c03.12.2013 _lф / _k |
||
| 999 |
_c130902 _d130902 |
||